Nuevas herramientas procesales. I /

Guardado en:
Otros Autores: Esperanza, Silvia L., (coord.), Pauletti, Ana Clara, (coord.)
Formato: Libro
Idioma:Spanish
Publicado: Santa Fe : Rubinzal Culzoni, 2013.
Edición:1a. ed.
Materias:
Etiquetas: Agregar Etiqueta
Sin Etiquetas, Sea el primero en etiquetar este registro!
LEADER 00642nam a22001815a 4500
001 DER.der015269
008 250813s2013####ag############000#0#spa#d
005 20250813163240.0
245 1 0 |a Nuevas herramientas procesales.  |n I /  |c dirigido por Jorge W. Peyrano ; coordinado por Silvia Esperanza y Ana Clara Pauletti. 
250 |a 1a. ed. 
260 |a Santa Fe :  |b Rubinzal Culzoni,  |c 2013. 
300 |a 501 p. 
020 |a 9789873003790 
100 1 |a Peyrano, Jorge W.,  |e dir. 
700 1 |a Esperanza, Silvia L.,  |e coord. 
700 1 |a Pauletti, Ana Clara,  |e coord. 
650 7 |a DERECHO PROCESAL CIVIL 
859 |a DERECHO  |b BIB. DERECHO  |h 347.05  |i PEY  |p 009540  |3 Tomo I